000 00582nam a22001697a 4500
008 171213b xxu||||| |||| 00| 0 eng d
020 _a0393966828
082 _21996
_aDC 780.7
_bM18
100 _925101
_aMachlis, Joseph, author.
245 _aThe enjoyment of music :
_ban introduction to perceptive listening /
_cJoseph Machlis and Kristine Forney.
250 _aSeventh edition
260 _aNew York :
_bW.W. Norton,
_c©1995.
300 _axxiii, 515 pages :
_billustrations ;
_c24 cm.
500 _aIncludes index.
650 0 _925102
_aMusic appreciation
942 _2ddc
_cDC
999 _c8112
_d8112